Detalles MARC
| 000 -CABECERA |
| campo de control de longitud fija |
01642nam a2200313 i 4500 |
| 003 - IDENTIFICADOR DEL NÚMERO DE CONTROL |
| campo de control |
DO-SdBNP |
| 005 - FECHA Y HORA DE LA ÚLTIMA TRANSACCIÓN |
| campo de control |
20240206102110.0 |
| 007 - CAMPO FIJO DE DESCRIPCIÓN FÍSICA--INFORMACIÓN GENERAL |
| campo de control de longitud fija |
ta |
| 008 - DATOS DE LONGITUD FIJA--INFORMACIÓN GENERAL |
| campo de control de longitud fija |
110413s2020 dr a 000 j spa d |
| 040 ## - FUENTE DE LA CATALOGACIÓN |
| Centro catalogador/agencia de origen |
DO-SdBNP |
| Lengua de catalogación |
spa |
| Centro/agencia transcriptor |
BNPHU |
| Normas de descripción |
rda |
| 082 ## - NÚMERO DE LA CLASIFICACIÓN DECIMAL DEWEY |
| Número de documento/Ítem |
D159 |
| Número de edición |
22 |
| 100 ## - ENTRADA PRINCIPAL--NOMBRE DE PERSONA |
| Nombre de persona |
Damirón, Anya |
| 9 (RLIN) |
43024 |
| 245 10 - MENCIÓN DE TÍTULO |
| Título |
Todos bailan / |
| Mención de responsabilidad, etc. |
Anya Damirón ; ilustrador Itsrogerd |
| 264 #1 - PRODUCCIÓN, PUBLICACIÓN, DISTRIBUCIÓN, FABRICACIÓN Y COPYRIGHT |
| Producción, publicación, distribución, fabricación y copyright |
Santo Domingo : |
| Nombre del de productor, editor, distribuidor, fabricante |
USAID, |
| -- |
UNIBE, |
| Fecha de producción, publicación, distribución, fabricación o copyright |
2020. |
| 300 ## - DESCRIPCIÓN FÍSICA |
| Extensión |
8 páginas |
| Dimensiones |
22 cm. |
| Otras características físicas |
Ilustraciones |
| 336 ## - TIPO DE CONTENIDO |
| Fuente |
rdacontent |
| Término de tipo de contenido |
texto |
| Código de tipo de contenido |
txt |
| 337 ## - TIPO DE MEDIO |
| Fuente |
rdamedia |
| Nombre/término del tipo de medio |
sin mediación |
| Código del tipo de medio |
n |
| 338 ## - TIPO DE SOPORTE |
| Fuente |
rdacarrier |
| Nombre/término del tipo de soporte |
volumen |
| Código del tipo de soporte |
nc |
| 490 1# - MENCIÓN DE SERIE |
| Mención de serie |
Libros decodificables |
| -- |
Proyecto leer |
| Designación de volumen o secuencia |
Etapa D-2 |
| 500 ## - NOTA GENERAL |
| Nota general |
Los libros decodificables están compuestos de textos redactados con dificultad progresiva. Cada etapa decodificable enfatiza ciertas combinaciones de letras y sonidos tomando en cuenta el orden de frecuencia en la que aparecen en el idioma español, y el nivel de dificultad de la relación letra-sonidos. |
| 500 ## - NOTA GENERAL |
| Nota general |
Grafemas anteriores: a, m, e, n, o, s, i, l, u. |
| 500 ## - NOTA GENERAL |
| Nota general |
Para docentes y tutores. |
| 520 ## - SUMARIO, ETC. |
| Sumario, etc. |
Es la fiesta de fin de curso. Por fin salen todo de vacaciones. La música empieza a sonar y todos quieren bailar. Mina baila con sus manos. Nono baila con sus pies. Fafa se mueve tanto, que su pelo da un gran espectáculo. Sole se mueve completa disfrutando cada sonido. A todos les gusta bailar y celebrar. Se acaba la fiesta y todos se despiden felices. ¡Ya empiezan las vacaciones! |
| 521 ## - NOTA DE PÚBLICO DESTINATARIO |
| Nota de público destinatario |
Nivel primario |
| 590 ## - NOTA LOCAL (RLIN) |
| Nota local |
Inventariado, 2024/ YL |
| 700 ## - PUNTO DE ACCESO ADICIONAL--NOMBRE DE PERSONA |
| Nombre de persona |
Itsrogerd |
| 9 (RLIN) |
51092 |
| Término indicativo de función/relación |
ilustraciones |
| 910 ## - DATOS DE OPCIÓN DEL USUARIO (OCLC) |
| Datos de opción del usuario |
YLockward |
| 942 ## - ELEMENTOS DE PUNTO DE ACCESO ADICIONAL (KOHA) |
| Fuente del sistema de clasificación o colocación |
Dewey Decimal Classification |
| Tipo de ítem Koha |
Folleto |